[Event "XXIV Festival A"]
[Site "Arco ITA"]
[Date "2002.10.25"]
[Round "8"]
[White "Benaglia, Giovanni"]
[Black "Astengo, Corrado"]
[Result "1/2-1/2"]
[WhiteElo "1801"]
[BlackElo "2172"]
[PlyCount "39"]
[EventDate "2002.10.18"]

1. d4 d5 2. Nf3 Nf6 3. e3 c5 4. c3 Nbd7 5. Bd3 Qc7 6. Nbd2 e5 7. e4 Bd6 8. O-O
O-O 9. Re1 cxd4 10. cxd4 exd4 11. exd5 Ne5 12. Nxe5 Bxe5 13. Nf3 Bg4 14. h3
Bxf3 15. Qxf3 Qd6 16. Bg5 Rfe8 17. Bxf6 Bxf6 18. Re4 Rxe4 19. Qxe4 g6 20. Re1
1/2-1/2

[Event "XXIV Festival A"]
[Site "Arco ITA"]
[Date "2002.10.25"]
[Round "8"]
[White "Blagojevic, Dragisa"]
[Black "Sedina, Elena"]
[Result "1-0"]
[WhiteElo "2537"]
[BlackElo "2428"]
[PlyCount "111"]
[EventDate "2002.10.18"]

1. d4 Nf6 2. c4 c6 3. Nc3 d5 4. e3 a6 5. Qc2 g6 6. Bd3 Bg7 7. Nf3 O-O 8. O-O
Bg4 9. Ne5 Be6 10. b4 Nbd7 11. Nxd7 Qxd7 12. c5 Bf5 13. Bxf5 gxf5 14. Na4 Rae8
15. Nb2 e6 16. Nd3 Qc7 17. Bb2 Bh6 18. a4 Kh8 19. Qe2 Rg8 20. f3 Rg7 21. Bc1
Reg8 22. Rf2 Nh5 23. Rb1 Qe7 24. b5 axb5 25. axb5 Qh4 26. bxc6 bxc6 27. Rb7 f4
28. exf4 Nxf4 29. Bxf4 Bxf4 30. Nxf4 Qxf4 31. Qe5 Qxe5 32. dxe5 f5 33. Rfb2 f4
34. h4 h5 35. Kh2 Rf8 36. Rb8 Rgf7 37. R2b6 Kg7 38. Rxf8 Rxf8 39. Rxc6 Kf7 40.
g4 Rd8 41. Kg2 Ra8 42. gxh5 Ra3 43. Rc7+ Kg8 44. Re7 Rc3 45. Rxe6 Rxc5 46. Kh3
d4 47. Kg4 d3 48. Kf5 Rd5 49. Rg6+ Kh7 50. Rg1 d2 51. Rd1 Kh6 52. Kxf4 Kxh5 53.
Ke4 Rd8 54. Ke3 Kxh4 55. Rxd2 Re8 56. f4 1-0

[Event "XXIV Festival A"]
[Site "Arco ITA"]
[Date "2002.10.25"]
[Round "8"]
[White "Blasco, Domenico"]
[Black "Barbafiera, Luigi"]
[Result "1-0"]
[WhiteElo "2056"]
[BlackElo "1867"]
[PlyCount "107"]
[EventDate "2002.10.18"]

1. d4 d6 2. Nf3 Bg4 3. c4 Bxf3 4. exf3 e5 5. dxe5 dxe5 6. Qb3 Qc8 7. Bd3 Na6 8.
Qb5+ Qd7 9. Qxe5+ Be7 10. Bf5 Qc6 11. O-O f6 12. Qe2 Qc5 13. Be4 O-O-O 14. Be3
Qh5 15. Nc3 Nc5 16. Bc2 Bd6 17. g3 a6 18. b4 Ne6 19. Rab1 f5 20. f4 Qxe2 21.
Nxe2 g6 22. c5 Be7 23. Bb3 Nf8 24. Bd4 Bf6 25. Rbd1 Bxd4 26. Rxd4 Rxd4 27. Nxd4
Nf6 28. f3 N8d7 29. c6 bxc6 30. Nxc6 Re8 31. Kf2 Nb6 32. Ne5 Nbd5 33. a3 Kb7
34. Rc1 Rd8 35. Nf7 Rd7 36. Ne5 Rd8 37. Rd1 Rd6 38. Nf7 Rd7 39. Ne5 Rd6 40. Nc4
Rd8 41. Ne5 Rd6 42. Rd3 Ne7 43. Ke3 Ned5+ 44. Kf2 Ne7 45. h3 Ned5 46. h4 Kb8
47. Kg2 Kb7 48. h5 gxh5 49. Kh3 Ne7 50. Kh4 Ng6+ 51. Kg5 Rb6 52. Nc4 Ne4+ 53.
fxe4 fxe4 54. Rd5 1-0

[Event "XXIV Festival A"]
[Site "Arco ITA"]
[Date "2002.10.25"]
[Round "8"]
[White "Borgo, Giulio"]
[Black "Aldrovandi, Costantino"]
[Result "1/2-1/2"]
[WhiteElo "2430"]
[BlackElo "2413"]
[PlyCount "40"]
[EventDate "2002.10.18"]

1. e4 c5 2. Nf3 d6 3. d4 cxd4 4. Nxd4 Nf6 5. f3 a6 6. c4 e6 7. Nc3 Be7 8. Be3
O-O 9. Be2 Nbd7 10. Nb3 Ne5 11. O-O Qc7 12. Na4 Nfd7 13. Rc1 b6 14. Nd4 Bb7 15.
Qd2 Rac8 16. Rfd1 Ng6 17. b4 Qb8 18. Kh1 h6 19. Rc2 Rc7 20. Rb1 Rfc8 1/2-1/2

[Event "XXIV Festival A"]
[Site "Arco ITA"]
[Date "2002.10.25"]
[Round "8"]
[White "Burchert, Wolfgang"]
[Black "Rudolf, Anna"]
[Result "0-1"]
[WhiteElo "2176"]
[BlackElo "2100"]
[PlyCount "108"]
[EventDate "2002.10.18"]

1. e4 e6 2. d4 d5 3. Nc3 Bb4 4. exd5 exd5 5. Bd3 Nc6 6. a3 Ba5 7. Nge2 Bg4 8.
f3 Bh5 9. b4 Bb6 10. Na4 Bxd4 11. Nxd4 Qh4+ 12. g3 Qxd4 13. Qe2+ Qe5 14. Bb2
Qxe2+ 15. Kxe2 Nf6 16. Nc5 O-O-O 17. Kf2 Bg6 18. Rhe1 Rhe8 19. Rad1 Rxe1 20.
Rxe1 Re8 21. Rd1 Ne5 22. Bxg6 hxg6 23. Bxe5 Rxe5 24. Rd4 c6 25. Nd3 Re8 26. h4
Kc7 27. Nf4 Nd7 28. c4 dxc4 29. Rxc4 Ne5 30. Rc2 Nd7 31. Nd3 b6 32. Nf4 c5 33.
bxc5 bxc5 34. Nd5+ Kc6 35. Nc3 f5 36. Ne2 Ne5 37. Nf4 c4 38. Re2 Re7 39. Re3
Kc5 40. Ke2 Kd4 41. Kd2 Rb7 42. Ne6+ Kd5 43. Nf4+ Kd6 44. Kc2 a5 45. Re1 Rb3
46. Rd1+ Kc6 47. Rd5 Nxf3 48. Rxa5 Nd4+ 49. Kc1 Rxg3 50. Ra6+ Kb5 51. Rxg6 Rxg6
52. Nxg6 c3 53. Nf4 Ka4 54. Nd5 Kb3 0-1

[Event "XXIV Festival A"]
[Site "Arco ITA"]
[Date "2002.10.25"]
[Round "8"]
[White "Cetkovic, Sergio"]
[Black "Giancotti, Eraldo"]
[Result "1/2-1/2"]
[WhiteElo "2131"]
[BlackElo "1811"]
[PlyCount "21"]
[EventDate "2002.10.18"]

1. d4 g6 2. Nf3 Bg7 3. c3 Nf6 4. h3 O-O 5. Bf4 d6 6. e3 b6 7. Bc4 Bb7 8. O-O
Nbd7 9. Nbd2 e6 10. Re1 Qe7 11. e4 1/2-1/2

[Event "XXIV Festival A"]
[Site "Arco ITA"]
[Date "2002.10.25"]
[Round "8"]
[White "De Napoli, Giuseppe"]
[Black "Haldemann, Paul"]
[Result "1-0"]
[WhiteElo "1861"]
[BlackElo "2205"]
[PlyCount "55"]
[EventDate "2002.10.18"]

1. d4 Nf6 2. Nf3 e6 3. e3 c5 4. Bd3 Nc6 5. Nbd2 b6 6. O-O cxd4 7. exd4 Nb4 8.
Be2 Bb7 9. c3 Nbd5 10. Bd3 Nf4 11. Bc2 Ba6 12. Re1 Nd3 13. Re3 Nxc1 14. Rxc1
Be7 15. Re1 O-O 16. Ne5 Rc8 17. Qf3 Qc7 18. Ne4 Nxe4 19. Qxe4 f5 20. Qe3 Bb7
21. Bb3 f4 22. Qh3 Bc6 23. Bc2 h6 24. Qh5 d6 25. Nxc6 Qxc6 26. Rxe6 Qe8 27. Qd5
Qf7 28. Qe4 1-0

[Event "XXIV Festival A"]
[Site "Arco ITA"]
[Date "2002.10.25"]
[Round "8"]
[White "Dittmar, Peter"]
[Black "Papp, Judit"]
[Result "1-0"]
[WhiteElo "2320"]
[BlackElo "2138"]
[PlyCount "89"]
[EventDate "2002.10.18"]

1. d4 Nf6 2. g3 g6 3. Bg2 Bg7 4. e4 d6 5. Nc3 O-O 6. Nge2 c5 7. dxc5 dxc5 8.
Qxd8 Rxd8 9. Be3 Na6 10. h3 Be6 11. O-O Rac8 12. a3 Nb8 13. Rfd1 b6 14. Nd5
Nxd5 15. exd5 Bf5 16. c3 h5 17. Bg5 Rd7 18. Rd2 Rcd8 19. Rad1 Na6 20. f3 f6 21.
Be3 g5 22. g4 hxg4 23. fxg4 Bg6 24. Ng3 Nc7 25. Ne4 Ne8 26. Bf2 Nd6 27. Nxd6
Rxd6 28. Be3 Bf7 29. Be4 Kf8 30. Kg2 a6 31. Kf3 Kg8 32. c4 Re8 33. Bf5 Rdd8 34.
Bf2 Kf8 35. b4 cxb4 36. axb4 e6 37. dxe6 Rxd2 38. Rxd2 Bxe6 39. Bxe6 Rxe6 40.
Rd7 Rc6 41. c5 bxc5 42. bxc5 Re6 43. Rb7 Kg8 44. Rb6 Kf7 45. c6 1-0

[Event "XXIV Festival A"]
[Site "Arco ITA"]
[Date "2002.10.25"]
[Round "8"]
[White "Drasko, Milan"]
[Black "Jurkovic, Ante"]
[Result "1-0"]
[WhiteElo "2477"]
[BlackElo "2340"]
[PlyCount "99"]
[EventDate "2002.10.18"]

1. Nf3 d6 2. d4 g6 3. g3 Bg7 4. Bg2 Nf6 5. c4 O-O 6. O-O c6 7. Nc3 Qa5 8. e4 e5
9. h3 Nbd7 10. Qc2 Qa6 11. Ne2 exd4 12. Nfxd4 Re8 13. Be3 Nc5 14. f3 Ncd7 15.
Bf2 d5 16. exd5 cxd5 17. Nb5 Qa5 18. b4 Qd8 19. c5 Ne5 20. Nd6 Re7 21. Rad1 a5
22. f4 Nc6 23. b5 Nb4 24. Qd2 b6 25. a3 bxc5 26. axb4 cxb4 27. Nxc8 Rxc8 28.
Nd4 Rb7 29. Nc6 Qd7 30. Rfe1 Bf8 31. Nxa5 Rxb5 32. Nb3 Rc3 33. Nd4 Rb8 34. Nf3
Qc8 35. Ne5 Rc2 36. Qd3 Rc3 37. Qd4 Bc5 38. Qd2 Rxg3 39. Kh2 Rc3 40. Bxc5 Qxc5
41. Ng4 Nxg4+ 42. hxg4 Rd8 43. Qd4 Qf8 44. g5 Rc4 45. Qe5 d4 46. Bd5 Rc2+ 47.
Kh1 Rcc8 48. Qxd4 b3 49. Qb6 Qg7 50. Bxf7+ 1-0

[Event "XXIV Festival A"]
[Site "Arco ITA"]
[Date "2002.10.25"]
[Round "8"]
[White "Fontanari, Maurizio"]
[Black "Bolvary, Tamara"]
[Result "0-1"]
[WhiteElo "2034"]
[BlackElo "1949"]
[PlyCount "82"]
[EventDate "2002.10.18"]

1. d4 Nf6 2. c4 c5 3. Nf3 cxd4 4. Nxd4 a6 5. Nc3 Qc7 6. e4 e6 7. Bd3 d6 8. O-O
g6 9. Be3 Bg7 10. Rc1 b6 11. f3 Bb7 12. a3 Nbd7 13. Na4 O-O 14. Bb1 Nc5 15. Nc3
Rac8 16. Qd2 Rfd8 17. Qf2 Qb8 18. Nde2 Bc6 19. Rfd1 Ncd7 20. Nd4 b5 21. Nxc6
Rxc6 22. cxb5 axb5 23. Nd5 Rxc1 24. Nxf6+ Nxf6 25. Rxc1 d5 26. Bb6 Rc8 27. Qe3
Rxc1+ 28. Qxc1 Qxb6+ 29. Kf1 dxe4 30. Qc8+ Bf8 31. Bxe4 Nxe4 32. fxe4 Qe3 33.
Qc2 Bc5 34. a4 Qg1+ 35. Ke2 Qf2+ 36. Kd1 Qf1+ 37. Kd2 Qxg2+ 38. Kd1 Qg1+ 39.
Kd2 Qxh2+ 40. Kc1 Qxc2+ 41. Kxc2 bxa4 0-1

[Event "XXIV Festival A"]
[Site "Arco ITA"]
[Date "2002.10.25"]
[Round "8"]
[White "Friedrich, Norbert"]
[Black "Papp, Tamas"]
[Result "1-0"]
[WhiteElo "2296"]
[BlackElo "2078"]
[PlyCount "45"]
[EventDate "2002.10.18"]

1. e4 c5 2. Nf3 e6 3. d4 cxd4 4. Nxd4 a6 5. Bd3 Qb6 6. Nb3 Qc7 7. O-O Nf6 8. f4
d6 9. a4 g6 10. a5 Bg7 11. Nc3 b5 12. Bxb5+ axb5 13. Nxb5 Qc6 14. Nxd6+ Ke7 15.
e5 Nd5 16. c4 Nb4 17. Be3 N8a6 18. Nd4 Qc7 19. Qd2 Nc6 20. Nxc6+ Qxc6 21. b4
Qd7 22. b5 Nc7 23. Qb4 1-0

[Event "XXIV Festival A"]
[Site "Arco ITA"]
[Date "2002.10.25"]
[Round "8"]
[White "Ivanov, Mikhail M."]
[Black "Skembris, Spyridon"]
[Result "1/2-1/2"]
[WhiteElo "2456"]
[BlackElo "2426"]
[PlyCount "22"]
[EventDate "2002.10.18"]

1. d4 Nf6 2. Bg5 d5 3. e3 Nbd7 4. c4 e6 5. Nf3 c6 6. Nbd2 Be7 7. Be2 h6 8. Bh4
b6 9. O-O Bb7 10. Rc1 O-O 11. Qc2 c5 1/2-1/2

[Event "XXIV Festival A"]
[Site "Arco ITA"]
[Date "2002.10.25"]
[Round "8"]
[White "Molnar, Bela"]
[Black "Kloster, Josef"]
[Result "1/2-1/2"]
[WhiteElo "2404"]
[BlackElo "2164"]
[PlyCount "84"]
[EventDate "2002.10.18"]

1. e4 e5 2. Nf3 Nc6 3. Bb5 a6 4. Ba4 Nf6 5. d4 Nxe4 6. Qe2 f5 7. d5 Ne7 8. Nxe5
b5 9. Bb3 d6 10. Nd3 Nc5 11. O-O Bb7 12. Nc3 Qd7 13. a4 Nxb3 14. cxb3 Kf7 15.
axb5 axb5 16. Rxa8 Bxa8 17. Nb4 g6 18. Re1 Bg7 19. Bg5 Bf6 20. Bxf6 Kxf6 21.
Nxb5 Rb8 22. Nc6 Bxc6 23. dxc6 Nxc6 24. f4 Ne7 25. Nxc7 Qxc7 26. Qe6+ Kg7 27.
Qxe7+ Qxe7 28. Rxe7+ Kf6 29. Re3 h6 30. Kf2 g5 31. Rh3 gxf4 32. Rxh6+ Ke5 33.
Rh3 d5 34. Rf3 d4 35. Ke2 Ke4 36. Kd2 Rh8 37. h3 Rg8 38. Rf2 Rg3 39. Re2+ Kd5
40. Rf2 Ke4 41. Re2+ Kd5 42. Rf2 Ke4 1/2-1/2

[Event "XXIV Festival A"]
[Site "Arco ITA"]
[Date "2002.10.25"]
[Round "8"]
[White "Pap, Gyula"]
[Black "Luciani, Carlo"]
[Result "0-1"]
[WhiteElo "2126"]
[BlackElo "2227"]
[PlyCount "84"]
[EventDate "2002.10.18"]

1. e4 e5 2. Nf3 Nc6 3. Bb5 a6 4. Ba4 Nf6 5. d4 exd4 6. O-O Be7 7. Re1 O-O 8. e5
Ne8 9. Bf4 b5 10. Bb3 d5 11. c3 Bg4 12. h3 Bh5 13. g4 Bg6 14. cxd4 Nb4 15. Re3
c5 16. a3 Nd3 17. Rxd3 Bxd3 18. Qxd3 c4 19. Qe3 cxb3 20. Qxb3 Nc7 21. Nc3 Qd7
22. Kg2 a5 23. Rc1 a4 24. Qc2 Ne6 25. Be3 b4 26. axb4 Bxb4 27. Nh4 Rfc8 28. f4
Rc4 29. Nf3 Rac8 30. f5 Nf8 31. e6 Qa7 32. Ne5 R4c7 33. exf7+ Kh8 34. Qf2 Qa6
35. g5 a3 36. bxa3 Bxc3 37. Rf1 Bxd4 38. Bxd4 Rc2 39. f6 g6 40. Nd7 Qa4 41. Rc1
Rxf2+ 42. Bxf2 Qxd7 0-1

[Event "XXIV Festival A"]
[Site "Arco ITA"]
[Date "2002.10.25"]
[Round "8"]
[White "Ruzzier, Dario"]
[Black "Di Lascio, Savino"]
[Result "1-0"]
[WhiteElo "1996"]
[BlackElo "1864"]
[PlyCount "67"]
[EventDate "2002.10.18"]

1. d4 Nf6 2. c4 e6 3. Nc3 Bb4 4. e3 c5 5. Bd3 Nc6 6. Nf3 O-O 7. O-O cxd4 8.
exd4 d5 9. a3 dxc4 10. Bxc4 Bxc3 11. bxc3 Qc7 12. Bd3 Na5 13. Qc2 g6 14. Ne5
Nd5 15. c4 Ne7 16. Re1 f6 17. Ng4 Nac6 18. Bb2 Kg7 19. Qd2 Ng8 20. h3 h5 21.
Nh2 Nge7 22. Nf3 a5 23. d5 exd5 24. cxd5 Nxd5 25. Bxg6 Nf4 26. Bc2 Bxh3 27.
gxh3 Rad8 28. Qc3 Kh6 29. Nh4 Rd5 30. Kh1 Qd7 31. Bc1 Qd6 32. Qg3 Rg5 33. Bxf4
Ne5 34. Nf5+ 1-0

[Event "XXIV Festival A"]
[Site "Arco ITA"]
[Date "2002.10.25"]
[Round "8"]
[White "Scalcione, Michelangelo"]
[Black "Lommers, Frank"]
[Result "1-0"]
[WhiteElo "2366"]
[BlackElo "2212"]
[PlyCount "71"]
[EventDate "2002.10.18"]

1. Nf3 Nf6 2. c4 g6 3. Nc3 Bg7 4. e4 d6 5. d4 O-O 6. Be2 e5 7. Be3 Na6 8. O-O
Ng4 9. Bg5 Qe8 10. h3 h6 11. Bc1 Nf6 12. dxe5 dxe5 13. Be3 Qe7 14. Qc1 Kh7 15.
c5 c6 16. Bxa6 bxa6 17. b4 Nh5 18. Re1 Qf6 19. Nh2 Qh4 20. Nf3 Qf6 21. Rd1 Nf4
22. Bxf4 exf4 23. e5 Qf5 24. Ne2 f6 25. Ned4 Qe4 26. Re1 Qd5 27. e6 Rb8 28.
Qxf4 Rxb4 29. Qd6 Rc4 30. Nb3 Rd8 31. Rad1 Qxd1 32. Rxd1 Rxd6 33. cxd6 Bxe6 34.
d7 Bxd7 35. Rxd7 f5 36. Rxa7 1-0

[Event "XXIV Festival A"]
[Site "Arco ITA"]
[Date "2002.10.25"]
[Round "8"]
[White "Schaefer, Michael"]
[Black "Papp, Gabor"]
[Result "0-1"]
[WhiteElo "2186"]
[BlackElo "2375"]
[PlyCount "76"]
[EventDate "2002.10.18"]

1. d4 Nf6 2. c4 c5 3. d5 b5 4. Nf3 g6 5. cxb5 a6 6. e3 Bg7 7. Nc3 O-O 8. a4 d6
9. e4 axb5 10. Bxb5 Ba6 11. Bf4 Bxb5 12. axb5 Nbd7 13. O-O Rxa1 14. Qxa1 Qc7
15. Qa2 Nb6 16. Ra1 Nfd7 17. Qb1 h6 18. Ra6 Rb8 19. Qc1 Kh7 20. h4 c4 21. h5
Nc5 22. hxg6+ fxg6 23. Be3 Nxa6 24. bxa6 Ra8 25. Nd4 Rxa6 26. Ne6 Qc8 27. Nb5
Nd7 28. Nxg7 Kxg7 29. Nd4 Ne5 30. Ne6+ Kg8 31. Bxh6 Ra2 32. Bg7 Ng4 33. g3 c3
34. Bxc3 Qa6 35. Qg5 Ra1+ 36. Kg2 Qf1+ 37. Kf3 Qxf2+ 38. Kxg4 Qe2+ 0-1

[Event "XXIV Festival A"]
[Site "Arco ITA"]
[Date "2002.10.25"]
[Round "8"]
[White "Stinis, Steven"]
[Black "Okkes, Menno"]
[Result "0-1"]
[WhiteElo "2053"]
[BlackElo "2297"]
[PlyCount "112"]
[EventDate "2002.10.18"]

1. Nc3 d5 2. e4 c6 3. f4 dxe4 4. Nxe4 Nf6 5. Nf2 Qc7 6. g3 g6 7. b3 Bg7 8. Bb2
O-O 9. Nf3 Ng4 10. Bxg7 Nxf2 11. Be5 Qb6 12. Bd4 Nxd1 13. Bxb6 axb6 14. Kxd1
Bg4 15. Be2 Nd7 16. Re1 e6 17. Kc1 h6 18. Ne5 Nxe5 19. fxe5 Bh3 20. Kb2 f6 21.
Bf1 Bxf1 22. Rxf1 fxe5 23. Rae1 Rxf1 24. Rxf1 Kg7 25. a4 Rd8 26. Kc3 g5 27. h3
h5 28. Re1 Kf6 29. Rf1+ Kg6 30. Re1 Rd5 31. Re4 Kf5 32. d3 b5 33. a5 Rc5+ 34.
Kd2 g4 35. hxg4+ hxg4 36. b4 Rd5 37. Ke3 Rd7 38. Kf2 Rh7 39. Kg1 b6 40. c4 bxa5
41. cxb5 cxb5 42. bxa5 Ra7 43. Rb4 Rxa5 44. Kf2 Ra2+ 45. Ke3 Rg2 46. Rxb5 Rxg3+
47. Ke2 Kf6 48. Rb4 Kf5 49. Rb5 Rh3 50. d4 Kf4 51. Rxe5 Rh2+ 52. Kf1 Kf3 53.
Kg1 Rd2 54. Rxe6 Rd1+ 55. Kh2 g3+ 56. Kh3 Rh1# 0-1

[Event "XXIV Festival A"]
[Site "Arco ITA"]
[Date "2002.10.25"]
[Round "8"]
[White "Swinkels, Robin"]
[Black "Medancic, Rikard"]
[Result "1/2-1/2"]
[WhiteElo "2169"]
[BlackElo "2268"]
[PlyCount "161"]
[EventDate "2002.10.18"]

1. e4 d5 2. exd5 Qxd5 3. Nc3 Qd6 4. d4 Nf6 5. Be2 a6 6. Be3 Nc6 7. Bf3 Nb4 8.
Nge2 Bf5 9. Rc1 c6 10. O-O e6 11. Ng3 Bg6 12. a3 Nbd5 13. Nce4 Qd8 14. Bg5 Be7
15. c4 Nxe4 16. Bxe7 Nxe7 17. Nxe4 O-O 18. Qd2 Qb6 19. Rfd1 Rfd8 20. Ng3 Rd7
21. Qc3 Rad8 22. Ne2 Nf5 23. Rd2 Nh4 24. Rcd1 Nxf3+ 25. Qxf3 h6 26. Qc3 Qc7 27.
Ng3 b5 28. b3 Qb6 29. h3 Kh7 30. Kh2 Qc7 31. Kg1 Rb8 32. cxb5 Rxb5 33. b4 a5
34. Rc1 axb4 35. axb4 Qb7 36. Qxc6 Qxc6 37. Rxc6 Rxb4 38. Ne2 Rb5 39. Rc1 Rbd5
40. Nf4 Rxd4 41. Rxd4 Rxd4 42. Nxg6 Kxg6 43. g3 Kf6 44. h4 g5 45. hxg5+ hxg5
46. Kf1 Ke5 47. Re1+ Re4 48. Ra1 f5 49. Ra5+ Kf6 50. Ra6 f4 51. gxf4 gxf4 52.
Kg2 Kf5 53. Kf3 Rb4 54. Ra2 Rb3+ 55. Kg2 Kg4 56. Ra4 e5 57. Re4 Kf5 58. f3 Rb2+
59. Kf1 Rc2 60. Re2 Rc5 61. Kg2 Rb5 62. Kf2 Kg5 63. Kg2 Kh4 64. Kh2 Rb3 65. Kg2
Re3 66. Ra2 e4 67. fxe4 Kg4 68. e5 Rg3+ 69. Kf2 Rh3 70. Ra8 Rh2+ 71. Kg1 Re2
72. Kf1 Rxe5 73. Ra3 Rb5 74. Rc3 Rb2 75. Ra3 Rh2 76. Kg1 Re2 77. Kf1 Re3 78.
Rxe3 fxe3 79. Ke2 Kf4 80. Ke1 Kf3 81. Kf1 1/2-1/2

[Event "XXIV Festival A"]
[Site "Arco ITA"]
[Date "2002.10.25"]
[Round "8"]
[White "Trauth, Michael"]
[Black "Zucchelli, Massimo"]
[Result "1/2-1/2"]
[WhiteElo "2237"]
[BlackElo "2193"]
[PlyCount "85"]
[EventDate "2002.10.18"]

1. Nf3 d5 2. c4 c6 3. g3 Bg4 4. Bg2 Nd7 5. cxd5 cxd5 6. Qa4 Bxf3 7. Bxf3 Ngf6
8. Nc3 e6 9. O-O Be7 10. d4 O-O 11. Bf4 Qb6 12. Rfc1 a6 13. Qd1 Rac8 14. Na4
Qa7 15. a3 b5 16. Nc3 Rc4 17. b3 Rcc8 18. Qd3 Nb6 19. a4 b4 20. a5 Rxc3 21.
Rxc3 bxc3 22. axb6 Qxb6 23. Qxc3 h6 24. Qd3 a5 25. Rc1 Ba3 26. Rc2 Ne4 27. Bc7
Qb4 28. Bxe4 dxe4 29. Qxe4 Qxb3 30. Bxa5 Qa4 31. Bd2 Rd8 32. Be3 e5 33. Rd2 Bc1
34. Rd3 Bxe3 35. fxe3 Rd6 36. dxe5 Qxe4 37. exd6 Qa8 38. d7 Qd8 39. e4 Kf8 40.
Kg2 Ke7 41. h4 h5 42. Rd5 g6 43. e5 1/2-1/2

[Event "XXIV Festival A"]
[Site "Arco ITA"]
[Date "2002.10.25"]
[Round "8"]
[White "Traversi, Carlo"]
[Black "Roversi, Stefano"]
[Result "1-0"]
[WhiteElo "1537"]
[BlackElo "2043"]
[PlyCount "81"]
[EventDate "2002.10.18"]

1. e4 c5 2. g3 Nc6 3. Bg2 Nf6 4. Nc3 d6 5. Nge2 g6 6. d3 Bg7 7. Bg5 O-O 8. Qd2
Qa5 9. O-O Nd4 10. Nxd4 cxd4 11. Ne2 Qxd2 12. Bxd2 Nd7 13. f4 Nc5 14. h3 Rb8
15. g4 Bd7 16. Ng3 Bc6 17. f5 Nd7 18. h4 Be5 19. Kh2 Nf6 20. Kh3 Kh8 21. Bf3 e6
22. g5 Nd7 23. f6 Rbc8 24. Rac1 Nc5 25. b3 Bd7 26. Nh1 d5 27. Nf2 dxe4 28. dxe4
Rc7 29. Ng4 Bd6 30. e5 Bxe5 31. Nxe5 Bb5 32. Rfe1 Rfc8 33. Bf4 Kg8 34. Nc4 Rd7
35. Nd6 Rxd6 36. Bxd6 Nd7 37. Bb4 d3 38. c4 Bc6 39. Bxc6 Rxc6 40. Rcd1 b6 41.
Rxd3 1-0

[Event "XXIV Festival A"]
[Site "Arco ITA"]
[Date "2002.10.25"]
[Round "8"]
[White "Valenti, Giuseppe"]
[Black "Lovati, Paolo"]
[Result "1-0"]
[WhiteElo "2230"]
[BlackElo "2097"]
[PlyCount "105"]
[EventDate "2002.10.18"]

1. e4 e6 2. d4 d5 3. Nd2 dxe4 4. Nxe4 Bd7 5. Nf3 Bc6 6. Bd3 Bxe4 7. Bxe4 c6 8.
O-O Nf6 9. Bd3 Bd6 10. Bg5 O-O 11. Qe2 Nbd7 12. Rfe1 c5 13. c3 Qc7 14. Ne5 Rfe8
15. Rad1 cxd4 16. cxd4 Rac8 17. Bb5 Nb6 18. Bxe8 Rxe8 19. Rc1 Qb8 20. a3 Nfd5
21. Bd2 Ne7 22. Qh5 Rf8 23. Ba5 Bxe5 24. Qxe5 Qxe5 25. dxe5 Nbd5 26. Bb4 Nxb4
27. axb4 Nd5 28. b5 g5 29. Rc4 Kg7 30. Ra1 Kg6 31. Rxa7 b6 32. g3 Kf5 33. h4 h6
34. hxg5 hxg5 35. Kg2 Kxe5 36. Rca4 f5 37. Rg7 g4 38. Rc4 Rd8 39. Rb7 Ra8 40.
Rd7 Ra5 41. Rc2 Nf6 42. Re7 Kd6 43. Rf7 Nd5 44. Rc6+ Ke5 45. Rf8 Rxb5 46. Re8
Rxb2 47. Rcxe6+ Kd4 48. Rf8 f4 49. gxf4 b5 50. Kg3 b4 51. f5 Nc3 52. f6 Ne4+
53. Rxe4+ 1-0

[Event "XXIV Festival A"]
[Site "Arco ITA"]
[Date "2002.10.25"]
[Round "8"]
[White "Weinberg, Emanuele"]
[Black "Dalponte, Dino"]
[Result "0-1"]
[WhiteElo "1959"]
[BlackElo "2138"]
[PlyCount "50"]
[EventDate "2002.10.18"]

1. d4 d5 2. c4 e6 3. g3 c6 4. Bg2 f5 5. cxd5 exd5 6. Nf3 Bd6 7. Nc3 Qc7 8. e3
Nf6 9. Bd2 Qe7 10. Ne2 Ne4 11. Nf4 O-O 12. Qc2 Nd7 13. Nd3 Re8 14. O-O Qf6 15.
Bc3 g5 16. Rfe1 g4 17. Nd2 h5 18. Nxe4 fxe4 19. Nf4 Qh6 20. Qe2 Nf6 21. h4 gxh3
22. Nxh3 h4 23. Nf4 Bxf4 24. exf4 h3 25. Bh1 h2+ 0-1

[Event "XXIV Festival A"]
[Site "Arco ITA"]
[Date "2002.10.25"]
[Round "8"]
[White "Ziltener, Werner"]
[Black "Maneschi, Giuseppe"]
[Result "1/2-1/2"]
[WhiteElo "2047"]
[BlackElo "1800"]
[PlyCount "148"]
[EventDate "2002.10.18"]

1. c4 g6 2. Nc3 Bg7 3. g3 e5 4. Bg2 Ne7 5. e3 c5 6. Nge2 Nbc6 7. O-O O-O 8. Nd5
Nxd5 9. cxd5 Nb4 10. d3 d6 11. a3 Na6 12. Rb1 Bd7 13. b4 b6 14. Bd2 Rc8 15. Qb3
b5 16. Rfc1 Qe7 17. Qa2 Rc7 18. a4 bxa4 19. b5 Nb8 20. b6 Rb7 21. bxa7 Rxa7 22.
Rb6 Na6 23. Rcb1 Rfa8 24. Rb7 Nb4 25. Rxa7 Rxa7 26. Bxb4 cxb4 27. Rxb4 Qd8 28.
Qb1 Bf8 29. Nc3 Qc7 30. Rc4 Qa5 31. Qb4 a3 32. Na2 Bb5 33. Qxa5 Rxa5 34. Rc3
Kg7 35. Bf3 Be7 36. Bd1 Bd8 37. Bb3 Bb6 38. Bc4 Bd7 39. Kf1 Bc5 40. Rb3 Ra7 41.
Ke2 Kf6 42. Rb1 Ke7 43. Rb8 Rc7 44. Rb3 Bc8 45. Rb1 Rb7 46. Rxb7+ Bxb7 47. Kd2
Kd7 48. Kc3 Kc7 49. Kb3 f6 50. Nc3 f5 51. Nb5+ Kd7 52. Nxa3 Bxa3 53. Kxa3 g5
54. f4 gxf4 55. gxf4 exf4 56. exf4 Kc7 57. d4 h6 58. Kb4 Kb6 59. Bd3 Bc8 60.
Bb5 Ba6 61. Bd7 Bd3 62. Kc3 Be4 63. Kd2 Kc7 64. Be6 Kd8 65. Ke3 Ke7 66. Bg8 Ke8
67. Kf2 Kf8 68. Be6 Ke7 69. Kg3 Kf6 70. Kh4 Kg7 71. Kh5 Bd3 72. Bd7 Be4 73. Be6
Bd3 74. Bd7 Be4 1/2-1/2

[Event "XXIV Festival A"]
[Site "Arco ITA"]
[Date "2002.10.26"]
[Round "9"]
[White "Aldrovandi, Costantino"]
[Black "Sedina, Elena"]
[Result "1/2-1/2"]
[WhiteElo "2413"]
[BlackElo "2428"]
[PlyCount "23"]
[EventDate "2002.10.18"]

1. c4 c6 2. e4 d5 3. exd5 Nf6 4. d4 cxd5 5. Nc3 g6 6. Bg5 Bg7 7. Nf3 Ne4 8. Be3
Nxc3 9. bxc3 O-O 10. cxd5 Qxd5 11. Be2 Nc6 12. O-O 1/2-1/2

[Event "XXIV Festival A"]
[Site "Arco ITA"]
[Date "2002.10.26"]
[Round "9"]
[White "Astengo, Corrado"]
[Black "Pap, Gyula"]
[Result "1/2-1/2"]
[WhiteElo "2172"]
[BlackElo "2126"]
[PlyCount "47"]
[EventDate "2002.10.18"]

1. e4 e6 2. d4 d5 3. Nc3 Nf6 4. Bg5 Bb4 5. e5 h6 6. Bd2 Bxc3 7. bxc3 Ne4 8. Qg4
Kf8 9. Bd3 Nxd2 10. Kxd2 c5 11. Nf3 c4 12. Be2 Nc6 13. Qf4 Bd7 14. g4 Ne7 15.
h4 b5 16. h5 a5 17. a3 Ng8 18. Rhg1 Rb8 19. g5 hxg5 20. Rxg5 Nh6 21. Nh4 Kg8
22. Rag1 Rh7 23. Qf6 Qf8 24. Ra1 1/2-1/2

[Event "XXIV Festival A"]
[Site "Arco ITA"]
[Date "2002.10.26"]
[Round "9"]
[White "Bolvary, Tamara"]
[Black "Cetkovic, Sergio"]
[Result "0-1"]
[WhiteElo "1949"]
[BlackElo "2131"]
[PlyCount "58"]
[EventDate "2002.10.18"]

1. e4 a6 2. d4 b5 3. Be3 Bb7 4. Bd3 Nf6 5. Nd2 e6 6. Ngf3 d6 7. O-O Nbd7 8. c3
Be7 9. Qc2 e5 10. a4 c6 11. c4 b4 12. c5 exd4 13. Nxd4 Nxc5 14. Nf5 Ne6 15. a5
c5 16. Nc4 O-O 17. Nb6 Rb8 18. f3 Nd7 19. Qe2 Nxb6 20. axb6 Bf6 21. f4 Nd4 22.
Bxd4 Bxd4+ 23. Kh1 Bc8 24. Nxd4 cxd4 25. e5 dxe5 26. f5 Qf6 27. Bxa6 Rxb6 28.
Bc4 Bb7 29. Ra7 e4 0-1

[Event "XXIV Festival A"]
[Site "Arco ITA"]
[Date "2002.10.26"]
[Round "9"]
[White "Bondielli, Giorgio"]
[Black "Burchert, Wolfgang"]
[Result "1/2-1/2"]
[WhiteElo "2006"]
[BlackElo "2176"]
[PlyCount "95"]
[EventDate "2002.10.18"]

1. e4 d5 2. exd5 Nf6 3. d4 Nxd5 4. Nf3 g6 5. Bc4 Bg7 6. O-O O-O 7. Bg5 Be6 8.
Qe2 c6 9. Rd1 h6 10. Bxd5 cxd5 11. Bf4 Qb6 12. Nc3 Nd7 13. Qd2 Rac8 14. Rab1
Kh7 15. Ne5 Rfd8 16. Nxd7 Rxd7 17. Na4 Qc6 18. Nc5 Rdd8 19. Nxe6 Qxe6 20. Re1
Qf5 21. c3 Rc6 22. Rbd1 Re6 23. Rxe6 Qxe6 24. Re1 Qd7 25. Re3 h5 26. Qe2 Qf5
27. g3 e6 28. Rf3 Rd7 29. a3 a6 30. Be5 Qb1+ 31. Kg2 Qe4 32. Qxe4 dxe4 33. Re3
Bxe5 34. dxe5 Rd2 35. Rxe4 Rxb2 36. Rb4 Rxb4 37. cxb4 g5 38. Kf3 Kg6 39. Ke4 g4
40. a4 b6 41. a5 bxa5 42. bxa5 Kg5 43. Kd4 Kf5 44. Kc5 Kxe5 45. Kb6 Kd6 46.
Kxa6 Kc6 47. Ka7 Kc7 48. Ka6 1/2-1/2